000 01432nam a2200253Ia 4500
003 Ost
005 20260507075344.0
008 260507s9999||||xx |||||||||||||| ||und||
020 _a86802499579
040 _cfsecg
041 _aara
082 _a330
100 _aطعمة، حسن ياسين
_eمؤلف
245 0 _aالإحصاء الإستدلالي /
_c حسن ياسين طعمة
250 _aطبعة 2
260 _aعمان:
_bدار صفاء للنشر والتوزيع,
_c2010
300 _a487 صفحة؛
_bإيضاحات ؛
_c24 سم
520 _aنظرية المجموعات وطرق العد- مدخل الى نظرية الإحتمال- المتغيرات العشوائية وتوزيعاتها الإحتمالية- أسلوب العينات وطرق إختيارها- المعاينة الإحصائية وتوزيعاتها- نظرية التقدير- إختبار الفرضيات الإحصائية- الإختبارات المستندة على التوزيع الطبيعي- الإختبارات المستندة على توزيع- الإختبارات المستندة على توزيع مربع كاي- الإختبارات المستندة على توزيع
653 _aالإحصاء الإستدلالي
653 _aالإحصاء الوصفي
653 _aالإستدلال الإحصائي
700 _aحنوش، إيمان حسين
_eمؤلف ثانوي
942 _cكتاب
999 _c44107
_d44107